000 01086nam a22003257a 4500
001 BR7904512
003 BR-BrBNA
005 20230928090041.0
007 ta
008 230509b bl.||||| |||| 00| 0 por d
040 _aBR-BrBNA
_bpor
_cBiblioteca Nacional de Agricultura
041 _a(Por)
072 _aF25; F21; F22
090 _ F25 BR7904512
100 1 _aBrady, N.C.
245 1 _aNatureza e propriedades dos solos [Fertilidade do solo; Quimica do solo; Fisica do solo; Classificacao do solo]
250 1 _a5. ed.
260 3 _aRio de Janeiro, RJ (Brasil):
_bFreitas Bastos,
_c1979.
300 _a665 p.
500 _aGlossary p. 623-647 (482 ref.); 234 illus.; 140 tables; Map 1 (scale 1:17.000,000)Maps 2 (scale 1:80.000,000); Translation of; "The nature and properties of soils"
650 _aFertilidade do solo
650 _aBiologia do solo
650 _aFisica do solo
650 _aQuimica do solo
650 _aSolo
650 _aMicrobiologia do solo
650 _aClassificacao do solo
909 _a202309
_bLucia
_c55
_dLucia Elande
942 _cBK
999 _c27603
_d27603